| 000 | 00000nam 2200000za 4500 |
| 001 | 9.816656 |
| 003 | CaOODSP |
| 005 | 20221107142309 |
| 007 | cr ||||||||||| |
| 008 | 160502s2016 onc o f000 0 eng d |
| 040 | |aCaOODSP|beng |
| 043 | |an-cn--- |
| 086 | 1 |aH113-24/2016-16E-PDF |
| 245 | 00|aPyroxasulfone |h[electronic resource]. |
| 260 | |aOttawa : |bHealth Canada, |c2016. |
| 300 | |a3 p. : |btables |
| 490 | 1 |aProposed maximum residue limit, |x1925-0843 ; |vPMRL2016-16 |
| 500 | |aIssued also in French under title: Pyraclostrobine. |
| 500 | |a“26 April 2016.” |
| 504 | |aIncludes references. |
| 520 | |aUnder the authority of the Pest Control Products Act, Health Canada’s Pest Management Regulatory Agency (PMRA) has concluded that the addition of new uses on wheat to the product label of Pyroxasulfone 85 WG, containing technical grade pyroxasulfone, is acceptable. The specific uses approved in Canada are detailed on the label of Pyroxasulfone 85 WG, Pest Control Products Act Registration Number 30572. The evaluation of this pyroxasulfone application indicated that the end-use product has value and the human health and environmental risks associated with the new use is acceptable. |
| 530 | |aIssued also in printed form. |
| 692 | 07|2gccst|aPesticides |
| 692 | 07|2gccst|aHerbicides |
| 692 | 07|2gccst|aSafety standards |
| 692 | 07|2gccst|aCertification |
| 710 | 1 |aCanada. |bPest Management Regulatory Agency. |
| 775 | 08|tPyroxasulfone |w(CaOODSP)9.816657 |
| 830 | #0|aProposed maximum residue limit,|x1925-0843 ; |vPMRL2016-16|w(CaOODSP)9.505147 |
| 856 | 40|qPDF|s42 KB|uhttps://publications.gc.ca/collections/collection_2016/sc-hc/H113-24-2016-16-eng.pdf |